00418nam a2200157Ia 45000010006000000050017000060080041000230410008000640820017000721000029000892450089001182600009002073000028002166500008002446540008002521576220260306170220.0260306t2005||||xx |||||||||||||| ||und|| aESP a620.001bR35 aReggini, Horacio C.eAUT 0aEl futuro no es más lo que era:bla tecnología y la gente en tiempos de internet c2005 a464 páginas :c23 cm. aGEN aCII